The Philosophy of teaching. (Record no. 11902)

MARC details
000 -LEADER
fixed length control field 00597cam a22002172 4500
001 - CONTROL NUMBER
control field 0000003536
005 - DATE AND TIME OF LATEST TRANSACTION
control field 20151217155206.0
008 - FIXED-LENGTH DATA ELEMENTS--GENERAL INFORMATION
fixed length control field 070509s xx 000 0 eng d
020 ## - INTERNATIONAL STANDARD BOOK NUMBER
International Standard Book Number 0715610317 :
040 ## - CATALOGING SOURCE
Original cataloging agency KABU
Transcribing agency KABU
050 #0 - LIBRARY OF CONGRESS CALL NUMBER
Classification number LB1025.2
Item number .P37
100 1# - MAIN ENTRY--PERSONAL NAME
Personal name Passmore, John.
-- 0000153522
245 14 - TITLE STATEMENT
Title The Philosophy of teaching.
260 ## - PUBLICATION, DISTRIBUTION, ETC. (IMPRINT)
Place of publication, distribution, etc. London :
Name of publisher, distributor, etc. Duckworth,
Date of publication, distribution, etc. 1980.
300 ## - PHYSICAL DESCRIPTION
Extent xi, 259 p.
650 #0 - SUBJECT ADDED ENTRY--TOPICAL TERM
Topical term or geographic name as entry element Teaching.
-- 0000153520
650 #0 - SUBJECT ADDED ENTRY--TOPICAL TERM
Topical term or geographic name as entry element Education
General subdivision Philosophy.
-- 0000002605
908 ## - PUT COMMAND PARAMETER (RLIN)
Put command parameter 070509
950 ## - LOCAL HOLDINGS (RLIN)
-- 1
Holdings
Withdrawn status Lost status Source of classification or shelving scheme Not for loan Home library Current library Date acquired Total Checkouts Full call number Barcode Date last seen Price effective from Koha item type
    Library of Congress Classification   Kabarak, Main Campus Kabarak, Main Campus 17/12/2015   LB1025.2 .P37 006853 17/12/2015 17/12/2015 General Collection
Designed with assistance from East African Informatics Ltd